Statistics for New York Knicks Roster

Click here to take the quiz!

General Stats

  • This quiz has been taken 71 times
    (7 since last reset)
  • The average score is 10 of 18

Answer Stats

HintAnswer% Correct
CIsaiah Hartenstein
100%
PGJalen Brunson
100%
SGJosh Hart
100%
SGDonte Divincenzo
83%
PFJulius Randle
83%
PGMiles McBride
67%
CMitchell Robinson
67%
SFOG Anunoby
67%
CJericho Sims
50%
SGAlec Burks
33%
SFBojan Bogdanovic
33%
GCharlie Brown Jr.
33%
SGDaQuan Jeffries
33%
PGDuane Washington Jr.
33%
FJacob Toppin
33%
FMamadi Diakite
33%
PFPrecious Achiuwa
33%
SGShake Milton
33%

Score Distribution

Percentile by Number Answered

Percent of People with Each Score

Your Score History

You have not taken this quiz since the last reset